Use of polymeric plasticizers in polyvinyl chloride to reduce conventional plasticizer migration for critical applications (Record no. 71901)

MARC details
000 -LEADER
fixed length control field 00538nam a2200169Ia 4500
100 ## - MAIN ENTRY--AUTHOR NAME
Personal name Sunny M C
245 #0 - TITLE STATEMENT
Title Use of polymeric plasticizers in polyvinyl chloride to reduce conventional plasticizer migration for critical applications
260 ## - PUBLICATION, DISTRIBUTION, ETC. (IMPRINT)
Name of publisher Journal of Elastomers and Plastics
Year of publication 2004
300 ## - PHYSICAL DESCRIPTION
Number of Pages 19-31
650 ## - SUBJECT ADDED ENTRY--TOPICAL TERM
Topical Term di(2-ethyl hexyl)phthalate
650 ## - SUBJECT ADDED ENTRY--TOPICAL TERM
Topical Term Plasticizer leaching
650 ## - SUBJECT ADDED ENTRY--TOPICAL TERM
Topical Term Polyvinyl chloride
700 ## - ADDED ENTRY--PERSONAL NAME
Personal name George K E
700 ## - ADDED ENTRY--PERSONAL NAME
Personal name Ramesh P
942 ## - ADDED ENTRY ELEMENTS (KOHA)
Koha item type Journals
Holdings
Withdrawn status Lost status Damaged status Not for loan Home library Current library Shelving location Date acquired Serial Enumeration / chronology Koha item type
      Journals RRII Library RRII Library Rubber chemistry 17/12/2021 Volume 36, Issue 1 Journals